000 00431nmm a2200157Ia 4500
008 251105s9999||||xx |||||||||||||||||und||
020 _a9788431540449
041 _aspa
100 _aDesachy, Florence
245 0 _aMi perro se escapa ¡Hay solución!
264 _a[Madrid, España] :
_bDe Vecchi,
_c2000
300 _a0 páginas
650 _aFamily
856 _uhttps://public.digitaliapublishing.com/a/31074
942 _cCF
999 _c81563
_d81563